000 00716nam a2200205 a 4500
001 23036
003 CO-ViMGA
008 141112s2004 ck r 000 u spa d
020 _a9580465584
040 _aCO-ViMGA
_bspa
_cCO-ViMGA
082 0 4 _a701.1 M154l
100 1 _aManguel, ALberto
_933128
245 1 0 _aLeyendo imàgenes :
_bUna historia privada del arte
260 _aColombia :
_bNorman
300 _a356p.
505 _aLa imagen como relato, La imagen como ausencia. La imagen como testigo, La imagen como pesadilla, La imagen como reflejo, La imagen como violencia, La imagen como subversion
650 1 4 _aAPRECIACION DEL ARTE
_933129
650 1 4 _aARTE - HISTORIA Y CRITICA
_933130
942 _2ddc
_cBK
999 _c31318
_d31318